1651 1619 1605 1534 1045 1489 1453 1610 1074 1990 1852 1514 1666 1306 1430 1021 1333 1080 1594 1314 1338 1552 1056 1515 1446 1975 1917 1323 1920 1432 1160 1432 1094 1432 1126 1328 1550 1256 1041 1738 1276 1785 1200 1776 1739 1471 1662 1393 1415 1445 1572 1006 1653 1729 1035 1181 1179 1505 1075 1500 1490 1713 1874 1908 1932 1831 1126 1626 1101 1473 1822 1449 1621 1380 1235 1510 1851 1877 1329 1013 1137 1764 1682 1043 1745 1920 1171 1567 1322 1488 1828 1282 1220 1403 1943 1810 1259 1344 1964 BCNSPRNW ULIB Ver.6.0+V

เปลี่ยนเป็นภาษาไทย

Change to English
 แสดงรายละเอียดบรรณานุกรม
  กลับหน้าหลัก

Brief Record : Get Marc (ISO 2709) : E-mail record : QR code < ปิดหน้าต่าง
LEADER : 00000nam 2200000uu 4500
001    13399113426
003     ULIB
008    111115s2546||||th 000 0 tha d
020    ^a9743227466
020    ^a9789743227462
050  4 ^aAC159^bพ239ค
100 0  ^aพรทิพย์ โรจนสุนันท์,^cคุณหญิง,^d2497-
245 10 ^aคิดทางขวาง /^cพ.ญ. คุณหญิงพรทิพย์ โรจนสุนันท์
250    ^aพิมพ์ครั้งที่ 3
260    ^aกรุงเทพฯ :^bมติชน,^c2546
300    ^a216 หน้า :^bภาพประกอบ ;^c21 ซม.
650  7 ^aรวมเรื่อง
945    ^p158^l0^i11845
995    ^aกัณชพร
999    ^aใช้งานได้ทุกระบบ
รายการนี้ยังไม่มีแท็ก
คุณยังไม่ได้ล็อกอิน คุณสามารถมีกิจกรรมร่วมกับเว็บไซต์ได้ แต่ต้องล็อกอินก่อน ::
  ล็อกอิน

รายการสื่อสารสนเทศ

ลำดับที่ ประเภท เลขเรียก/บาร์โค้ด สถานที่ สถานะ
- ไม่พบข้อมูล -

รายการใกล้เคียง
    หัวเรื่อง [รวมเรื่อง]

BibComment


ยังไม่เคยถูกคอมเมนท์

คอมเมนท์ทรัพยากรรายการนี้
  คอมเมนท์: คิดทางขวาง พญ ค..


 Copyright 2026. Bcnsprnw @Library